Aspectos jurd̕icos de los contratos atp̕icos. IV, Los bancos, El contrato de cuenta corriente...

Bibliographic Details
Main Author: Chulia Vicent, Eduardo
Other Authors: Beltrǹ Alandete, Teresa
Format: Unknown
Language:Spanish
Published: Barcelona : Jos ̌Mara̕ Bosch, 1999
Subjects:
Online Access:Acceso restringido

MARC

LEADER 00000ny a22000003n 4500
005 2011061605285.0
008 000223s1999 sp s 000 0 spa c
017 |a Z3358-1999 
020 |a 8476985584 
035 |a 670 
040 |a UMA.DER  |d vLex 
040 |a UMA.RE  |d vLex 
080 |a 336.71:347.74 
080 |a 347.74:336.71 
090 |c 745  |d 745 
100 1 |a Chulia Vicent, Eduardo 
245 1 0 |a Aspectos jurd̕icos de los contratos atp̕icos.  |n IV,  |p Los bancos, El contrato de cuenta corriente...  |h [Recurso electrn̤ico] 
256 |a Servicio en ln̕ea 
260 |a Barcelona :  |b Jos ̌Mara̕ Bosch,  |c 1999 
300 |a 654 p. ;  |c 24 cm 
504 |a Bibliografa̕ 
506 1 |a Contenido solo disponible en los productos indicados  |d vLex Global  |d vLex Global (Academic Edition, excluding Law Schools)  |d vLex Global (U.S. Academic Edition, Law Schools)  |d vLex Global (U.S. Academic Edition, excluding Law Schools)  |d vLex Global (Academic Edition, Law Schools) 
650 0 7 |a Civil  |2 Tesauro vLex 
650 0 7 |a Contratos  |2 Tesauro vLex 
650 0 7 |a Contrato atp̕ico  |2 Tesauro vLex 
700 1 |a Beltrǹ Alandete, Teresa 
740 0 |a vLex Libros (Servicios en ln̕ea) 
856 4 0 |u http://vlex.com/source/670  |z Acceso restringido 
942 |c BOOK 
999 0 |a Civil Law   |b Barcelona